Central Library OPAC University of Rajshahi

The Classical accounts of India : (Record no. 24069)

MARC details
000 -LEADER
fixed length control field 01074cam a2200265 a 4500
001 - CONTROL NUMBER
control field 24069
003 - CONTROL NUMBER IDENTIFIER
rucl marc code BD-RjUL
005 - DATE AND TIME OF LATEST TRANSACTION
control field 20211209001015.0
008 - FIXED-LENGTH DATA ELEMENTS--GENERAL INFORMATION
fixed length control field 140312s1981 ii bf 00| 0 eng
035 ## - SYSTEM CONTROL NUMBER
System control number (BD-RjUL)24135
040 ## - CATALOGING SOURCE
Original cataloging agency DLC
Transcribing agency DLC
Modifying agency DLC
-- BD-RjUL
Language of cataloging eng
041 ## - LANGUAGE CODE
Language code of text/sound track or separate title eng
082 00 - DEWEY DECIMAL CLASSIFICATION NUMBER
Classification number 934
Edition number 19
Author mark and year MAC
100 ## - MAIN ENTRY--PERSONAL NAME
Personal name Majumdar, R. C.
9 (RLIN) 69649
245 04 - TITLE STATEMENT
Title The Classical accounts of India :
Remainder of title being a compilation of the English translations of the accounts left by Herodotus, Megasthenes, Arrian, Strabo, Quintus, Diodorus, Siculus, Justin, Plutarch, Frontinus, Nearchus, Apollonius, Pliny, Ptolemy, Aelian, and others with maps /
Statement of responsibility, etc. editorial notes, comments, analysis, and introduction by R.C. Majumdar.
250 ## - EDITION STATEMENT
Edition statement 1st ed.
260 ## - PUBLICATION, DISTRIBUTION, ETC. (IMPRINT)
Place of publication, distribution, etc. Calcutta :
Name of publisher, distributor, etc. Firma KLM,
Date of publication, distribution, etc. 1981.
300 ## - PHYSICAL DESCRIPTION
Pagination xxvi, 504 p., [3] leaves of plates :
Illustrations maps ;
Size 22 cm.
500 ## - GENERAL NOTE
General note Originally published: 1961.
504 ## - BIBLIOGRAPHY, ETC. NOTE
Bibliography, etc Includes index.
651 #0 - SUBJECT ADDED ENTRY--GEOGRAPHIC NAME
Geographic name India
General subdivision Description and travel
-- Early works to 1800.
9 (RLIN) 74150
942 ## - ADDED ENTRY ELEMENTS (KOHA)
Source of classification or shelving scheme Dewey Decimal Classification
Koha item type Books
Holdings
Lost status Source of classification or shelving scheme Damaged status Not for loan Collection code Permanent Location Current Location Shelving location Date acquired Source of acquisition Cost, normal purchase price Total Checkouts Full call number Date last seen Copy number Koha item type
  Dewey Decimal Classification     Non-fiction Central Library, University of Rajshahi Central Library, University of Rajshahi   27/07/1976 Ankur,Prokashone Dhaka 150.00   934 MAC 1981 12/03/2014 C-3 Books
  Dewey Decimal Classification   Not For Loan Non-fiction Central Library, University of Rajshahi Central Library, University of Rajshahi Reading Room 10/02/1962 M/S Orient Library , Rajshahi. 24.38   934 MAC 1960 05/04/2017 C-1 Books